Library Logo

Pioneer International University Library Catalogue

The American (Record no. 9758)

MARC details
000 -LEADER
fixed length control field 00421nam a22001577a 4500
003 - CONTROL NUMBER IDENTIFIER
control field OSt
005 - DATE AND TIME OF LATEST TRANSACTION
control field 20251111093722.0
008 - FIXED-LENGTH DATA ELEMENTS--GENERAL INFORMATION
fixed length control field 251111b |||||||| |||| 00| 0 eng d
020 ## - INTERNATIONAL STANDARD BOOK NUMBER
International Standard Book Number 0072551401
040 ## - CATALOGING SOURCE
Transcribing agency Mc Graw Hill
050 ## - LIBRARY OF CONGRESS CALL NUMBER
Classification number KJ 276 .P37 2003
245 ## - TITLE STATEMENT
Title The American
Remainder of title Democracy Alternate Edition
Statement of responsibility, etc. Patterson, Thomas E.
250 ## - EDITION STATEMENT
Edition statement 6th Edition
260 ## - PUBLICATION, DISTRIBUTION, ETC.
Place of publication, distribution, etc. New York
Name of publisher, distributor, etc. Mc Graw Hill
Date of publication, distribution, etc. 2003
942 ## - ADDED ENTRY ELEMENTS (KOHA)
Source of classification or shelving scheme Dewey Decimal Classification
Koha item type Books
Suppress in OPAC No
Holdings
Withdrawn status Lost status Source of classification or shelving scheme Damaged status Not for loan Home library Current library Date acquired Total checkouts Barcode Date last seen Price effective from Koha item type
    Library of Congress Classification     PIU Library PIU Library 11/11/2025   PIUDL785 11/11/2025 11/11/2025 Books